[Event "Civil Service Minor op"]
[Site "London"]
[Date "2005.11.06"]
[Round "4"]
[White "McKenna, James F"]
[Black "Dunne, David C"]
[Result "1-0"]
[WhiteElo "1552"]
[BlackElo "1392"]
[PlyCount "57"]
[EventDate "2005.11.05"]
[EventType "swiss"]
[EventRounds "5"]
[EventCountry "ENG"]
[SourceTitle "EXT 2007"]
[Source "ChessBase"]
[SourceDate "2006.11.23"]
[SourceVersion "1"]
[SourceVersionDate "2006.11.23"]
[SourceQuality "1"]

1. Nf3 d5 2. d4 Nf6 3. c4 e6 4. cxd5 exd5 5. Nc3 Nbd7 6. Bg5 Be7 7. Qc2 0-0 8. e3 c5 9. dxc5 Nxc5 10. Be2 Re8 11. 0-0 Bg4 12. Rfd1 Nce4 13. Nxd5 Nxd5 14. Qxe4 Bxf3 15. Qxf3 Bxg5 16. Rxd5 Qe7 17. Rad1 Rad8 18. Rxd8 Rxd8 19. Rxd8+ Qxd8 20. Qxb7 h6 21. Qb4 a5 22. Qc3 Bf6 23. Qc2 Qb6 24. b3 Qb4 25. g3 g6 26. Bc4 h5 27. Qxg6+ Bg7 28. Qxf7+ Kh8 29. Qg8# 1-0